00797nam a2200145Ia 4500008004100000100001900041245008700060260003900147440004300186650025000229650002200479856004100501999001900542952009000561171212s9999 xx 000 0 und d aEngstrom, Erik cEngstrom, ErikaPartisan Gerrymandering and the Construction of American Democracy bUniversity of Michigan Pressc2013 aLegislative Politics And Policy Making aGerrymandering -- United States; Apportionment (Election law) -- United States; Election districts -- United States; Voting -- United States; Representative government and representation -- United States; United States -- Politics and government aPolitical Science uhttp://jstor.org/stable/j.ctt1gk086k c352999d352999 001040aCLbCLd2017-12-12l0oJK1341.E64 2013r2017-12-12 00:00:00w2017-12-12yCBE